Alex & Alex /

Gespeichert in:
Bibliographische Detailangaben
1. Verfasser: Brugman, Alyssa (Verfasst von)
Weitere Verfasser: Martelli, Aurelia (Übersetzung)
Format: Buch
Sprache:Italienisch
Veröffentlicht: Torino : EDT, 2013
Schriftenreihe:Giralangolo
Tags: Tag hinzufügen
Keine Tags, Fügen Sie das erste Tag hinzu!

MARC

LEADER 00000nam a22000007i 4500
001 IT\ICCU\PUV\1379680
003 ItRI
005 20260115232117.0
008 131111s2013 it |||||| |||||1|||||c
020 |a 9788859203681 
040 |b ita  |c importazione bologna sebina 
041 7 |a ita  |2 ISO-639-2 
100 1 |a Brugman, Alyssa  |0 IT\ICCU\PARV\511094  |4 aut 
240 1 0 |a Alex as well  |3 IT\ICCU\PUV\1193526  |9 Brugman, Alyssa 
245 1 0 |a Alex & Alex /  |c Alyssa Brugman ; traduzione dall'inglese di Aurelia Martelli. 
246 1 3 |a Alex e Alex.  |9 IT\ICCU\RAV\1996415 
260 |a Torino :  |b EDT,  |c 2013 
300 |a 234 p. ;  |c 21 cm 
500 |a Tit. sviluppato  |0 IT\ICCU\RAV\1996415 
700 1 |a Martelli, Aurelia  |0 IT\ICCU\CFIV\200391  |4 trl 
830 0 |a Giralangolo  |0 IT\ICCU\UBO\3223501 
942 |2 ddc  |c BK  |n 0 
952 |0 0  |1 0  |4 0  |6 R_823_920000000000000_BRU  |7 0  |9 20208  |a BO  |b BO  |d 2026-01-15  |i 17617  |l 0  |o R 823.92 BRU  |p BO17617  |r 2026-01-15 23:21:17  |w 2026-01-15  |x [Sebina 5] [1 v.]  |y BK  |z 1 v. 
999 |c 17236  |d 17236